00461 2200193 4500001002100000005001500021008004100036020002200077035001900099041000700118082001000125090001600135100002100151245001400172260001700186300002300203500001000226650003100236INLIS00000000000481720241224113001241224||||||||| | ||| |||| || |  a978-602-0832-11-1 0010-1224004817 aid0 a741.5 a741.5 NYO b0 aNyoman Sri Utami00aBersepeda bUsaid.c2015 a20hlm.;ilus.;20 cm acet.1 0ailmu kesenian dan olahraga